El poder de lo real: leyendo a Zubiri
Сохранить в:
| Главный автор: | |
|---|---|
| Другие авторы: | |
| Формат: | |
| Язык: | испанский |
| Опубликовано: |
Madrid, España:
Triacastela,
2017
|
| Редактирование: | 1ª edición |
| Серии: | Colección Logos, 14
|
| Предметы: | |
| Метки: |
Добавить метку
Нет меток, Требуется 1-ая метка записи!
|
MARC
| LEADER | 00000cam a2200000 a 4500 | ||
|---|---|---|---|
| 001 | UCC8449 | ||
| 003 | CL-VaPUC | ||
| 005 | 20220425150640.0 | ||
| 008 | 190705e20170000sp |||||||||||||||||spa|d | ||
| 999 | |c 374777 |d 374775 | ||
| 020 | |a 9788495840936 | ||
| 040 | |c Pontificia Universidad Católica de Valparaíso | ||
| 082 | 0 | 4 | |a 196.1 GRA 2017 |2 21 |
| 100 | |a Gracia Guillén, Diego |e autor |9 530311 | ||
| 245 | 1 | 3 | |a El poder de lo real: leyendo a Zubiri |
| 250 | |a 1ª edición | ||
| 260 | |a Madrid, España: |b Triacastela, |c 2017 | ||
| 300 | |a 695 páginas | ||
| 490 | 0 | |a Colección Logos, 14 | |
| 500 | |a C2. Donación Facultad de Teología, libro pertenciente a la Profesora Eugenia Colomer (Q.E.P.D). Correo en papel 31/03/2022 | ||
| 583 | |a last modification |c 20190705 13:21:00 |k Rodrigo Vera | ||
| 600 | 0 | |a Zubiri, Xavier |2 CL-VaPUC |9 216 | |
| 650 | 0 | |a Filosofía española |9 254895 | |
| 650 | 0 | |a Realismo en la filosofía |2 CL-VaPUC |9 603134 | |
| 700 | |a Pintor-Ramos, Antonio |e prólogo |9 868754 | ||
| 942 | |c BK |2 ddc | ||
| 945 | |d 20190705 13:21:00 |a dcastane | ||
| 952 | |0 0 |1 0 |3 erd |4 0 |6 196_100000000000000_GRA_2017 |7 0 |8 A |9 493489 |a BIBEDU |b BIBEDU |i 5554802 |l 4 |m 2 |o 196.1 GRA 2017 |p 5554802 |q 2024-08-02 |r 2024-07-03 |s 2024-07-03 |w 2019-11-24 |y BK |z Catalogado en:20190705 |k FIL | ||
| 952 | |0 0 |1 0 |2 ddc |4 0 |6 196_100000000000000_GRA_2017 |7 0 |8 A |9 582771 |a BIBTEO |b BIBTEO |c GEN |d 2022-04-25 |e Donación |i 5650918 |o 196.1 GRA 2017 |p 5650918 |r 2025-01-17 |t 2 |w 2022-04-25 |y BK |k ICR | ||